Statistics for Abilities based on the Pokemon-Gen V

Click here to take the quiz!

General Stats

  • This quiz has been taken 5 times
  • The average score is 7 of 20

Answer Stats

PokemonAbility(ies)% Correct
LilligantChlorophyll | Own Tempo
100%
SawsbuckChlorophyll | Sap Sipper
100%
ArcheopsDefeatist
100%
ChandelureFlash Fire | Flame Body
100%
HeatmorGluttony | Flash Fire
100%
ThrohGuts | Inner Focus
100%
AlomomolaHealer | Hydration
100%
ZoroarkIllusion
100%
Chandelure (Hidden)Infiltrator
100%
Landorus-TIntimidate
100%
FerrothornIron Barbs
100%
CobalionJustified
100%
LiepardLimber | Unburden
100%
Leavanny (Hidden)Overcoat
100%
Escavalier (Hidden)Overcoat
100%
BouffalantReckless | Sap Sipper
100%
DruddigonRough Skin | Sheer Force
100%
Gigalith (Hidden)Sand Force
100%
ExcadrillSand Rush | Sand Force
100%
ScraftyShed Skin | Moxie
100%
Samurott (Hidden)Shell Armour
100%
Swoobat (Hidden)Simple
100%
DurantSwarm | Hustle
100%
Kyurem-WhiteTurboblaze
100%
Excadrill (Hidden)Mold Breaker
50%
SerperiorOvergrow
50%
HaxorusRivalry | Mold Breaker
50%
Beartic (Hidden)Swift Swim
50%
Garbodor (Hidden)Aftermath
0%
Watchog (Hidden)Analytic
0%
Beheeyem (Hidden)Analytic
0%
Krookodile (Hidden)Anger Point
0%
Ferrothorn (Hidden)Anticipation
0%
ManidbuzzBig Pecks | Overcoat
0%
UnfezantBig Pecks | Super Luck
0%
EmboarBlaze
0%
Simisear (Hidden)Blaze
0%
Whimsicott (Hidden)Chlorophyll
0%
Kinklang (Hidden)Clear Body
0%
GalvantulaCompound Eyes | Unnerve
0%
Serperior (Hidden)Contrary
0%
CinccinoCute Charm | Technician
0%
Jellicent (Hidden)Damp
0%
Tornadus-Inc (Hidden)Defiant
0%
Thundurus-Inc (Hidden)Defiant
0%
Braviary (Hidden)Defiant
0%
BisharpDefiant | Inner Focus
0%
GenesectDownload
0%
AmoongusEffect Spore
0%
VolcaronaFlame Body
0%
MusharnaForewarn
0%
GothitelleFrisk | Competitive
0%
SimisageGluttony
0%
SimisearGluttony
0%
SimipourGluttony
0%
ConkeldurrGuts | Sheer Force
0%
Swanna (Hidden)Hydration
0%
AccelgorHydration | Sticky Hold
0%
VanilluxeIce Body | Snow Warning
0%
WatchogIlluminate | Keen Eye
0%
MienshaoInner Focus | Regenerator
0%
Scrafty (Hidden)Intimidate
0%
KrookodileIntimidate | Moxie
0%
StoutlandIntimidate | Sand Rush
0%
Conkeldurr (Hidden)Iron Fist
0%
GolurkIron Fist | Klutz
0%
KeldeoJustified
0%
TerrakionJustified
0%
VirizionJustified
0%
SwannaKeen Eye | Big Pecks
0%
BraviaryKeen Eye | Sheer Force
0%
Lilligant (Hidden)Leaf Guard
0%
EelektrossLevitate
0%
CryogonalLevitate
0%
HydreigonLevitate
0%
ZebstrikaLightning Rod | Motor Drive
0%
Druddigon (Hidden)Mold Breaker
0%
Throh (Hidden)Mold Breaker
0%
Sawk (Hidden)Mold Breaker
0%
Basculin (Hidden)Mold Breaker
0%
Emolga (Hidden)Motor Drive
0%
CofagrigusMummy
0%
Golurk (Hidden)No Guard
0%
ReuniclusOvercoat | Magic Guard
0%
Simisage (Hidden)Overgrow
0%
KlinklangPlus | Minus
0%
ScolipedePoison Point | Swarm
0%
Thundurus-IncPrankster
0%
Liepard (Hidden)Prankster
0%
Tornadus-IncPrankster
0%
WhimsicottPrankster | Infiltrator
0%
KyuremPressure
0%
BIsharp (Hidden)Pressure
0%
Mienshao (Hidden)Reckless
0%
Emboar (Hidden)Reckless
0%
BasculinReckless | Adaptability
0%
Alomomola (Hidden)Regenerator
0%
Amoongus (Hidden)Regenerator
0%
Tornadus-TRegenerator
0%
Reuniclus (Hidden)Regenerator
0%
Unfezant (Hidden)Rivalry
0%
Landorus-IncSand Force
0%
Stunfisk (Hidden)Sand Veil
0%
Zebstrika (Hidden)Sap Sipper
0%
Stoutand (Hidden)Scrappy
0%
MeloettaSerene Grace
0%
Sawsbuck (Hidden)Serene Grace
0%
Gothitelle (Hidden)Shadow Tag
0%
Landorus-Inc (Hidden)Sheer Force
0%
DarmanitanSheer Force
0%
Cinccino (Hidden)Skill Link
0%
BearticSnow Cloak | Slush Rush
0%
CarracostaSolid Rock | Sturdy
0%
Bouffalant (Hidden)Soundproof
0%
Scolipede (Hidden)Speed Boost
0%
EmolgaStatic
0%
StunifskStatic | Limber
0%
GarbodorStench | Weak Armour
0%
Maractus (Hidden)Storm Drain
0%
SawkSturdy | Inner Focus
0%
GigalithSturdy | Sand Stream
0%
CrustleSturdy | Shell Armour
0%
Volcarona (Hidden)Swarm
0%
Galvantula (Hidden)Swarm
0%
LeavannySwarm | Chlorophyll
0%
EscavalierSwarm | Shell Armour
0%
Carracosta (Hidden)Swift Swim
0%
SeismitoadSwift Swim | Poison Touch
0%
Musharna (Hidden)Synchronise
0%
BeheeyemTelepathy | Synchronise
0%
ZekromTeravolt
0%
Kyurem-BlackTeravolt
0%
Sigilyph (Hidden)Tinted Lens
0%
Simipour (Hidden)Torrent
0%
SamurottTorrent
0%
Durant (Hidden)Truant
0%
ReshiramTurboblaze
0%
SwoobatUnaware | Klutz
0%
Accelgor (Hidden)Unburden
0%
Haxorus (Hidden)Unnerve
0%
VictiniVictory Star
0%
Thundurus-TVolt Absorb
0%
Seismitoad (Hidden)Water Absorb
0%
MaractusWater Absorb | Chlorophyll
0%
JellicentWater Absorb | Cursed Body
0%
Manidbuzz (Hidden)Weak Armour
0%
Vanilluxe (Hidden)Weak Armour
0%
Ctustle (Hidden)Weak Armour
0%
Heatmor (Hidden)White Smoke
0%
SigilyphWonder Skin | Magic Guard
0%
Darmanitan (Hidden)Zen Mode
0%

Score Distribution

Percentile by Number Answered

Percent of People with Each Score

Your Score History

You have not taken this quiz